| 000 | 00805nam a22002297a 4500 | ||
|---|---|---|---|
| 005 | 20210325175058.0 | ||
| 008 | s2539 th tha d | ||
| 020 | _a9742461074 | ||
| 041 | _atha | ||
| 050 | _aPL4209 ผ825ส 2539 | ||
| 100 | 0 | _aเผ่าพงษ์ สมนิล | |
| 245 | 1 | 0 | _aสุภาษิตโลกนิติคำโคลง ฉบับถอดความร้อยแก้ว |
| 260 | 3 |
_aกรุงเทพฯ : _bรวมสาส์น, _c2539 |
|
| 300 |
_a275 หน้า ; _b 19 ซม. |
||
| 650 | 0 | 4 | _aสุภาษิตและคำพังเพยไทย |
| 650 | 0 | 4 | _aโคลง |
| 650 | 0 | 4 | _aโคลงโลกนิติ |
| 850 | _aNALT | ||
| 942 | _cGB | ||
| 997 | _c000000000005700 | ||
| 998 | _aSOPAPORN | ||
| 999 |
_c5700 _d5700 |
||